The sword thief / (Record no. 33344)

MARC details
000 -LEADER
fixed length control field 00935nam a22002655a 4500
005 - DATE AND TIME OF LATEST TRANSACTION
control field 2009122401531.0
008 - FIXED-LENGTH DATA ELEMENTS--GENERAL INFORMATION
fixed length control field 080813s2009 nyu 000 0 eng
010 ## - LCCN (DPL NO)
LC control number B-444585
020 ## - INTERNATIONAL STANDARD BOOK NUMBER
International Standard Book Number 9780545135702
Terms of availability 475.00
020 ## - INTERNATIONAL STANDARD BOOK NUMBER
International Standard Book Number 0545135702
Terms of availability 475.00
035 ## - SYSTEM CONTROL NUMBER
System control number B-444585
037 ## - SOURCE OF ACQUISITION
Source of stock number/acquisition Scholastic
037 ## - SOURCE OF ACQUISITION
Source of stock number/acquisition Blue Berry/Ven
040 ## - CATALOGING SOURCE
Original cataloging agency dpl
Language of cataloging English
082 ## - DEWEY DECIMAL CLASSIFICATION NUMBER
Classification number S
100 ## - MAIN ENTRY--PERSONAL NAME
Personal name Lerangis, Peter
9 (RLIN) 38906
245 ## - TITLE STATEMENT
Title The sword thief /
Statement of responsibility, etc by Peter Lerangis
260 ## - PUBLICATION, DISTRIBUTION, ETC. (IMPRINT)
Place of publication, distribution, etc New York
Name of publisher, distributor, etc Scholastic
Date of publication, distribution, etc 2009
270 ## - ADDRESS
Address 557 Broadway
City New York
Postal code 10012
300 ## - PHYSICAL DESCRIPTION
Extent 156p.
Dimensions 20cm(Hb)
490 ## - SERIES STATEMENT
Series statement The 39 clues ;book 3
-- 38907
942 ## - ADDED ENTRY ELEMENTS (KOHA)
Source of classification or shelving scheme Dewey Decimal Classification
Item type Children Books
Call number suffix LER
Classification part S
Holdings
Withdrawn status Lost status Source of classification or shelving scheme Damaged status Not for loan Collection code Home library Current library Date acquired Source of acquisition Cost, normal purchase price Total Checkouts Full call number Barcode Date last seen Copy number Cost, replacement price Koha item type
    Dewey Decimal Classification     Fiction Sarojini Nagar Sarojini Nagar 11/01/2012 Blue Berry/7042/29.9.2011/83/21.3.2011/12.10.2011 475.00 2 S LER B-444585 21/12/2019 1 475.00 Children Books

© Delhi Public Library
Hit Counter
free hit counter